100 Biggest Cities of Sweden on a Map - Statistics

General Stats
  • This quiz has been taken 1,421 times
    1,393 since last reset
  • The average score is 44 of 100
Answers on the Map
Answers color-coded by a green-red scale on the quiz's map according to % correct below.
 
Answer Stats
Population City % Correct
1,809,412 Stockholm
98%
339,316 Malmö
97%
725,729 Göteborg
96%
178,098 Uppsala
89%
120,109 Linköping
86%
94,243 Umeå
86%
88,274 Gävle
83%
116,029 Helsingborg
83%
104,211 Jönköping
83%
49,646 Luleå
82%
98,229 Norrköping
81%
129,116 Örebro
79%
98,308 Lund
76%
43,462 Kalmar
75%
17,284 Kiruna
74%
131,643 Västerås
74%
26,305 Visby
74%
72,759 Karlstad
69%
74,052 Växjö
68%
70,918 Sundsvall
66%
55,493 Östersund
65%
83,060 Borås
60%
72,979 Halmstad
60%
78,377 Södertälje
60%
21,259 Ystad
58%
76,262 Eskilstuna
57%
41,126 Falun
57%
36,423 Karlskrona
57%
39,770 Nyköping
57%
23,824 Piteå
55%
39,146 Skellefteå
54%
50,069 Trollhättan
53%
31,366 Trelleborg
51%
41,198 Kristianstad
50%
44,299 Borlänge
49%
33,399 Örnsköldsvik
46%
23,606 Norrtälje
43%
29,671 Falkenberg
42%
33,859 Landskrona
42%
18,457 Boden
41%
28,113 Lidköping
41%
18,605 Köping
40%
38,575 Varberg
40%
19,966 Karlshamn
39%
16,447 Nynäshamn
39%
18,817 Oskarshamn
39%
26,353 Enköping
38%
16,274 Höganäs
38%
16,792 Hudiksvall
38%
40,422 Skövde
38%
35,639 Uddevalla
38%
31,089 Ängelholm
36%
18,236 Härnösand
35%
21,615 Västervik
35%
31,367 Motala
34%
27,686 Karlskoga
33%
16,750 Mariestad
33%
25,035 Sandviken
33%
19,760 Hässleholm
32%
44,642 Lidingö
32%
20,273 Värnamo
31%
14,186 Arvika
30%
17,924 Falköping
30%
25,105 Vänersborg
29%
27,895 Alingsås
28%
20,422 Eslöv
28%
23,953 Katrineholm
28%
18,358 Kristinehamn
28%
18,639 Nässjö
28%
16,055 Avesta
27%
13,918 Bollnäs
27%
16,076 Ljungby
27%
15,675 Ludvika
27%
30,576 Märsta
27%
14,282 Mjölby
27%
38,329 Åkersberga
26%
14,004 Höör
26%
28,912 Kungälv
26%
33,918 Vallentuna
26%
17,889 Kumla
25%
13,584 Nybro
25%
13,702 Sala
25%
17,838 Staffanstorp
24%
15,369 Strängnäs
24%
13,699 Lomma
23%
13,895 Vetlanda
23%
16,205 Bålsta
22%
25,034 Gustavsberg
22%
28,789 Lerum
22%
14,636 Stenungsund
22%
14,611 Tranås
22%
46,893 Tumba
21%
25,172 Mölnlycke
20%
15,507 Kinna
19%
14,040 Oxie
19%
31,941 Västerhaninge
18%
15,669 Höllviken
17%
16,899 Kungsängen
15%
14,610 Skoghall
15%
15,488 Bunkeflostrand
14%
No matching quizzes found
Score Distribution
Percent of People with Each Score
Percentile by Number Answered
Your Score History
You have not taken this quiz since the last reset